Diseño e implementación de un ecualizador basado en filtros digitales resonantes
محفوظ في:
| المؤلف الرئيسي: | |
|---|---|
| مؤلفون آخرون: | |
| التنسيق: | كتاب |
| منشور في: |
San José, Costa Rica
2001
|
| الموضوعات: | |
| الوسوم: |
إضافة وسم
لا توجد وسوم, كن أول من يضع وسما على هذه التسجيلة!
|
MARC
| LEADER | 00000nam a2200000Ia 4500 | ||
|---|---|---|---|
| 003 | 009054 | ||
| 005 | 20231120085332.0 | ||
| 008 | 140114s2001 cr a m 000 ||s d | ||
| 040 | |c cru CEDI | ||
| 090 | |a TFG 4437 | ||
| 100 | |a Alvarado Montero,Sergio |9 7520 | ||
| 245 | |a Diseño e implementación de un ecualizador basado en filtros digitales resonantes | ||
| 260 | |a San José, Costa Rica |c 2001 | ||
| 300 | |a v, 44 hojas : ilustraciones | ||
| 500 | |a Proyecto de graduación (bachillerato en ingeniería eléctrica)--Universidad de Costa Rica. Facultad de Ingeniería. Escuela de Ingeniería Eléctrica | ||
| 501 | |a Profesor Guía de Proyecto Eléctrico: Ing. Enrique Coen Alfaro | ||
| 650 | |x FILTROS ELECTRICOS DIGITALES |x PROCESAMIENTO DE SEÑALES |9 7521 | ||
| 700 | |a Coen Alfaro, Enrique, 1976- |d Director de Proyecto Eléctrico |9 707 | ||
| 942 | |c TFG |h TFG 4437 |k 009054 |6 TFG_4437_000000000000000 | ||
| 999 | |c 18004 |d 18004 | ||
